000 04639cam a22018494i 4500
003 PE-LiUPU
005 20250929154712.0
008 181128s2015 sp a rb 001 0 spa d
020 _a8490220360
020 _a9788490220368
035 _a(Sirsi) a250873
040 _aPE-LiUPU
_bspa
_cPE-LiUPU
_erda
049 _aPRUA
082 0 4 _a616.07582
_bC23
_220
100 1 _aCalvo, Alfonso,
_eautor.
245 1 0 _aBiología celular biomédica /
_cAlfonso Calvo ; [colaboradores, José J. Abad ... et al.].
250 _aPrimera edición.
264 1 _aMadrid :
_bElsevier,
_c2015.
300 _axiv, 408 páginas :
_bilustraciones ;
_c28 centímetros
336 _atext
_2rdacontent
337 _aunmediated
_2rdamedia
338 _avolume
_2rdacarrier
504 _aBibliografía al final de cada capítulo.
504 _aÍndice : páginas 399-408.
520 _aObra concebida para explicar la materia desde la perspectiva de la patología celular, presentando de un modo asequible y actualizado los conocimientos sobre biología celular que deben adquirir los estudiantes de grados pertenecientes al ámbito biomédico, como Medicina, Biología, Bioquímica, Nutrición, etc. Incluye temas novedosos como las células madre aborda de forma exhaustiva la estructura y regulación molecular de la célula eucariota, e incluye temas novedosos como las células madre, la terapia celular o los tratamientos personalizados contra el cáncer.
526 _aP203
526 _aP200
526 _aSEG65
526 _aSEG64
526 _aSEG63
526 _aSEG62
526 _aSEG61
526 _aSEG60
526 _aSEG59
526 _aSEG58
526 _aSEG57
526 _aSEG56
526 _aSEG55
526 _aSEG54
526 _aSEG53
526 _aSEG52
526 _aSEG51
526 _aSEG50
526 _aSEG49
526 _aSEG48
526 _aSEG47
526 _aSEG46
526 _aSEG24
526 _aSEG23
526 _aSEG22
526 _aSEG21
526 _aSEG20
526 _aSEG19
526 _aSEG18
526 _aSEG17
526 _aSEG16
526 _aSEG14
526 _aSEG13
526 _aSEG12
526 _aSEG11
526 _aSEG10
526 _aSEG09
526 _aSEG06
526 _aSEG05
526 _aSEG04
526 _aSEG03
526 _aSEG02
526 _aSEG68
526 _aSEG66
526 _aSEG45
526 _aSEG25
526 _aSEG01
526 _aP163
526 _aP162
526 _aP161
526 _aP160
526 _aP159
526 _aP158
526 _aP157
526 _aP156
526 _aP155
526 _aP154
526 _aP153
526 _aP152
526 _aP151
526 _aP150
526 _aP149
526 _aP142
526 _aP141
526 _aP140
526 _aP139
526 _aP138
526 _aP137
526 _aP132
526 _aP131
526 _aP130
526 _aP126
526 _aP125
526 _aP124
526 _aP123
526 _aP115
526 _aP122
526 _aP121
526 _aP116
526 _a P114
526 _aP112
526 _aP111
526 _aP104
526 _aP103
526 _aP102
526 _aP101
526 _aP100
526 _aP96
526 _aP95
526 _aP93
526 _aP92
526 _aP91
526 _aP88
526 _aP83
526 _aP82
526 _aP79
526 _aP78
526 _aP75
526 _aP74
526 _aP71
526 _aP69
526 _a P51
526 _aP49
526 _aP48
526 _aP47
526 _aP33
526 _aP31
526 _a P30
526 _aP29
526 _aP27
526 _aP26
526 _aP25
526 _aP24
526 _a P22
526 _aP10
526 _aP09
526 _a P08
526 _aP06
526 _aP05
526 _aP04
526 _aP01
541 _g0001-000588;
650 0 0 _aCitología.
_9680
650 0 4 _aCitopatólogía.
650 0 4 _aBiología celular (Medicina).
650 0 4 _aBiología molecular
_xTratados, manuales, etc.
700 1 _aAbad, José J.,
_ecolaborador.
910 _adbm
_bcsm
_ccsm
_d20181128
596 _a1
942 _2ddc
_cBOOK
999 _a616.07582 C23
_wDEWEY
_c30344
_i79135
_d30344
_e2019-11-18
_f2021-11-4
_g4
_lCCODEBUL1
_mBUL
_n18
_p52.02
_q1
_r0
_sY
_tBOOK
_u2018-11-28
_xSALUD
_zP30
_0COMPRA
_1FCOMPR2
_o.STAFF. Colección Ciencias de la Salud
980 _818226
_gJaime Vilcazán Jefe de Análisis Documental